<?xml version="1.0" encoding="UTF-8"?>
<record
    xmlns:xsi="http://www.w3.org/2001/XMLSchema-instance"
    xsi:schemaLocation="http://www.loc.gov/MARC21/slim http://www.loc.gov/standards/marcxml/schema/MARC21slim.xsd"
    xmlns="http://www.loc.gov/MARC21/slim">

  <leader>01852nab a2200241uuc4500</leader>
  <controlfield tag="001">1317223</controlfield>
  <controlfield tag="005">20240202111617.0</controlfield>
  <controlfield tag="008">130226e20120401                    eng  </controlfield>
  <datafield tag="035" ind1=" " ind2=" ">
    <subfield code="a">1317223</subfield>
  </datafield>
  <datafield tag="040" ind1=" " ind2=" ">
    <subfield code="c">comduadb</subfield>
  </datafield>
  <datafield tag="041" ind1=" " ind2=" ">
    <subfield code="a">eng</subfield>
  </datafield>
  <datafield tag="100" ind1="1" ind2="0">
    <subfield code="a">Modather, M.</subfield>
    <subfield code="4">aut</subfield>
    <subfield code="e">aut</subfield>
    <subfield code="9">647417</subfield>
  </datafield>
  <datafield tag="245" ind1="1" ind2="0">
    <subfield code="a">Influences of temperature dependent viscosity and thermal conductivity on the unsteady flow and heat transfer of a micropolar fluid over a stretching sheet</subfield>
  </datafield>
  <datafield tag="520" ind1="3" ind2=" ">
    <subfield code="a">This paper is devoted to describe the analysis of unsteady boundary layer flow and heat transfer of a viscous, incompressible micropolar fluid having temperature-dependent viscosity and thermal conductivity over a non-isothermal horizontal stretching sheet. The fluid viscosity and the thermal conductivity are assumed to vary as inverse linear functions of temperature. The unsteady boundary layer equations for the momentum, angular momentum and thermal energy are simplified using suitable transformations. The resulting system of nonlinear ordinary differential equations is solved numerically by employing a shooting technique with fourth order Runge-Kutta integration scheme. The effects of the various parameters on the velocity, microrotation and temperature profiles are presented graphically. In addition, tabulated results for the skin-friction coefficient, Nusselt number and  couple stress at the plate are presented and discussed.</subfield>
  </datafield>
  <datafield tag="650" ind1=" " ind2=" ">
    <subfield code="a">Flujo inestable</subfield>
    <subfield code="9">175284</subfield>
  </datafield>
  <datafield tag="650" ind1=" " ind2=" ">
    <subfield code="a">Viscosidad</subfield>
    <subfield code="9">4483</subfield>
  </datafield>
  <datafield tag="650" ind1=" " ind2=" ">
    <subfield code="a">Conductividad t&#xE9;rmica</subfield>
    <subfield code="9">54296</subfield>
  </datafield>
  <datafield tag="650" ind1=" " ind2=" ">
    <subfield code="a">Efectos de la temperatura</subfield>
    <subfield code="9">149563</subfield>
  </datafield>
  <datafield tag="700" ind1="1" ind2="0">
    <subfield code="a">Rashad, A.M.</subfield>
    <subfield code="4">aut</subfield>
    <subfield code="e">aut</subfield>
    <subfield code="9">678352</subfield>
  </datafield>
  <datafield tag="700" ind1="1" ind2="0">
    <subfield code="a">El-Kabeir, S.M.M.</subfield>
    <subfield code="4">aut</subfield>
    <subfield code="e">aut</subfield>
    <subfield code="9">647418</subfield>
  </datafield>
  <datafield tag="773" ind1="0" ind2=" ">
    <subfield code="t">Investigaci&#xF3;n Aplicada Latino Americana (Bah&#xED;a Blanca, Argentina)</subfield>
    <subfield code="g">Vol. 42, No. 02, Abr. 2012, 121-126</subfield>
    <subfield code="w">495513</subfield>
    <subfield code="x">0327-0793</subfield>
    <subfield code="0">123981</subfield>
  </datafield>
  <datafield tag="942" ind1=" " ind2=" ">
    <subfield code="c">ARIMP</subfield>
  </datafield>
  <datafield tag="999" ind1=" " ind2=" ">
    <subfield code="c">646892</subfield>
    <subfield code="d">646892</subfield>
  </datafield>
</record>
